Films & TV Shows of Jennifer Jason Leigh by Picture - Statistics

General Stats
  • This quiz has been taken 3 times
  • The average score is 8 of 19
Answer Stats
Picture Hint Answer % Correct
Quentin Tarantino : 2015 The Hateful Eight
100%
Ron Howard : 1991 Backdraft
67%
Uli Edel : 1989 Last Exit to Brooklyn
67%
Barbet Schroeder : 1992 Single White Female
67%
Alex Garland : 2018 Annihilation
33%
TV Series : 2017-2021 Atypical
33%
Taylor Hackford : 1995 Dolores Claiborne
33%
David Cronenberg : 1999 Existenz
33%
TV Series 5 : 2023-2024 Fargo
33%
Amy Heckerling : 1982 Fast Times at Ridgemont High
33%
Ulu Grosbard : 1995 Georgia
33%
Robert Altman : 1996 Kansas City
33%
Alan Rudolph : 1994 Mrs. Parker and the Vicious Circle
33%
Robert Altman : 1993 Short Cuts
33%
Robert Harmon : 1986 The Hitcher
33%
Joel Coen : 1994 The Hudsucker Proxy
33%
Brad Anderson : 2004 The Machinist
33%
TV Series : 2009-2012 Weeds
33%
Sam Mendes : 2002 Road to Perdition
0%
No matching quizzes found
Score Distribution
Percent of People with Each Score
Percentile by Number Answered
Your Score History
You have not taken this quiz